000 00670cam a22002411 4500
001 sa 63001726
003 DLC
005 20260227111929.0
008 890619s1962 ii 000 0 pano
010 _asa 63001726
025 _aPL480:I-Pu-150
035 _a(OCoLC)19890269
040 _aDLC
_cWaU
_dNSyU
_dDLC
042 _apremarc
050 0 0 _aPK2659.S587
_bZ85
100 1 _aSiṅgala, Dharama Pāla.
245 1 0 _aSujāna Siṅgha-ika adhiaina,
_cDharama Pāla Siṅgala.
250 _a[Prathama av̄ritī]
260 _aLudhiāṇa,
_bLāhaura Buka Shāpa
_c[1962]
300 _a182 p.
_c19 cm.
500 _aIn Panjabi.
600 1 0 _aSingh, Sujan,
_d1909-
999 _c54099
_d54099